State of the world : (Record no. 707)
[ view plain ]
| 000 -LEADER | |
|---|---|
| fixed length control field | 00802nam a22002172 4500 |
| 001 - CONTROL NUMBER | |
| control field | 0000007218 |
| 005 - DATE AND TIME OF LATEST TRANSACTION | |
| control field | 20151021151112.0 |
| 008 - FIXED-LENGTH DATA ELEMENTS--GENERAL INFORMATION | |
| fixed length control field | 071201s xx 000 0 eng d |
| 020 ## - INTERNATIONAL STANDARD BOOK NUMBER | |
| International Standard Book Number | 0393326667 : |
| Terms of availability | KES |
| 040 ## - CATALOGING SOURCE | |
| Original cataloging agency | KABU |
| Transcribing agency | KABU |
| 110 2# - MAIN ENTRY--CORPORATE NAME | |
| Corporate name or jurisdiction name as entry element | Worldwatch Institute. |
| -- | 0000074853 |
| 245 10 - TITLE STATEMENT | |
| Title | State of the world : |
| Remainder of title | a Worldwatch Institute report on progress toward a sustainable society / |
| Statement of responsibility, etc. | Worldwatch Institute. |
| 260 ## - PUBLICATION, DISTRIBUTION, ETC. (IMPRINT) | |
| Place of publication, distribution, etc. | Washington, D. C. : |
| Name of publisher, distributor, etc. | Worldwatch Institute, |
| Date of publication, distribution, etc. | 2005. |
| 300 ## - PHYSICAL DESCRIPTION | |
| Extent | xxvii, 237 p. |
| 650 #0 - SUBJECT ADDED ENTRY--TOPICAL TERM | |
| Topical term or geographic name as entry element | Economic history |
| Chronological subdivision | 2005-. |
| -- | 0000158368 |
| 650 #0 - SUBJECT ADDED ENTRY--TOPICAL TERM | |
| Topical term or geographic name as entry element | Economic policy |
| Chronological subdivision | 2005-. |
| -- | 0000158369 |
| 852 1# - LOCATION | |
| -- | p2278 KES |
| 908 ## - PUT COMMAND PARAMETER (RLIN) | |
| Put command parameter | 071201 |
| 950 ## - LOCAL HOLDINGS (RLIN) | |
| -- | 1 |
| Withdrawn status | Lost status | Source of classification or shelving scheme | Not for loan | Home library | Current library | Date acquired | Total Checkouts | Full call number | Barcode | Date last seen | Price effective from | Koha item type |
|---|---|---|---|---|---|---|---|---|---|---|---|---|
| Library of Congress Classification | Kabarak, Main Campus | Kabarak, Main Campus | 17/12/2015 | HC59.15 .W67 2005 c. 1 | 011405 | 02/08/2024 | 17/12/2015 | General Collection | ||||
| Library of Congress Classification | Kabarak, Main Campus | Kabarak, Main Campus | 17/12/2015 | HC59.15 .W67 2005 c. 2 | 011406 | 02/08/2024 | 17/12/2015 | General Collection | ||||
| Library of Congress Classification | Kabarak, Main Campus | Kabarak, Main Campus | 17/12/2015 | HC59.15 .W67 2005 c. 3 | 23022 | 02/08/2024 | 17/12/2015 | General Collection | ||||
| Library of Congress Classification | Kabarak, Nakuru City Campus | Kabarak, Nakuru City Campus | 21/10/2015 | HC59.15 .W67 2005 c. 1 | 011434 | 21/10/2015 | 21/10/2015 | General Collection | ||||
| Library of Congress Classification | Kabarak, Nakuru City Campus | Kabarak, Nakuru City Campus | 21/10/2015 | HC59.15 .W67 2005 c. 2 | 23018 | 21/10/2015 | 21/10/2015 | General Collection |